Logo BPK

Biblioteka

Politechniki Koszalińskiej

Detekcja i ilościowa interpretacja wyników pomiarów w chromatografii gazowej : (Rekord nr 27553)

Szczegóły MARC
000 -ETYKIETA REKORDU
podpole kontrolne o stałej długości 00449nam a2200133 i 4500
001 - NUMER KONTROLNY REKORDU
pole kontrolne bg
040 ## - ŹRÓDŁO KATALOGOWANIA
Instytucja, która utworzyła rekord BPK
041 ## - KOD JĘZYKA
Kod języka tekstu pol
080 ## - UNIWERSALNA KLASYFIKACJA DZIESIĘTNA - UKD
UKD 543.5
008 - POLE O STAŁEJ DŁUGOŚCI - DANE KONTROLNE
podpole kontrolne o stałej długości s pl f |000 0 pol
245 #0 - TYTUŁ/ODPOWIEDZIALNOŚĆ
Tytuł Detekcja i ilościowa interpretacja wyników pomiarów w chromatografii gazowej :
Ciąg dalszy tytułu praca zbiorowa /
Pozostałe elementy strefy tytułu i oznaczenia odpowiedzialności Polska Akademia Nauk. Komitet Chemii Analitycznej.
260 ## - STREFA ADRESU WYDAWNICZEGO
Miejsce wydania Wrocław [etc.] :
Nazwa wydawcy/dystrybutora Zakł. Narodowy im. Ossolińskich,
Data publikacji, dystrybucji/powstania dokumentu 1976.
856 ## - LOKALIZACJA I DOSTĘP DO ELEKTRONICZNYCH DOKUMENTÓW ZDALNYCH
Link (URL) http://koha.tu.koszalin.pl/cgi-bin/koha/opac-detail.pl?biblionumber=27553
Tekst linku Katalog online BPK
942 ## - DODATKOWE ELEMENTY (KOHA)
Typ dokumentu Książka
Egzemplarze
Wycofany Status egzemplarza Uszkodzony Dostępność Lokalizacja stała Lokalizacja bieżąca Miejsce przechowywania Sygnatura Kod kreskowy Typ dokumentu
      Dostępny Biblioteka Politechniki Koszalińskiej Biblioteka Politechniki Koszalińskiej Wypożyczalnia BG 21365 01428230 Książka
© 2023 Biblioteka Politechniki Koszalińskiej :: KOHA